[Event "Niederbayrische Einzelmeisterschaft"]
[Site "Röhrnbach"]
[Date "2014.04.24"]
[Round "2.12"]
[White "Neuwerth, Chulian"]
[Black "Hartl, Konstantin"]
[Result "1-0"]
[WhiteElo "1441"]
[BlackElo "944"]
[PlyCount "45"]
[EventDate "2014.04.??"]
[EventType "swiss"]
[EventRounds "7"]
[EventCountry "GER"]
[SourceDate "2015.12.24"]
[SourceVersion "1"]
[SourceVersionDate "2015.12.24"]
[SourceQuality "1"]
[WhiteTeam "SC Castra Batava Passau"]
[BlackTeam "SC Grafenau"]

1. e4 e5 2. Nf3 Nc6 3. d4 d6 4. dxe5 dxe5 5. Qxd8+ Kxd8 6. Nc3 Bb4 7. Bd2 Nf6
8. O-O-O Bg4 9. Be2 Ke7 10. Nd5+ Nxd5 11. exd5 Bxd2+ 12. Rxd2 Nb4 13. Nxe5 Bxe2
14. Rxe2 Nxd5 15. Ng6+ Kd7 16. Nxh8 Rxh8 17. Rd1 c6 18. c4 Rc8 19. cxd5 cxd5+
20. Rc2 Re8 21. Rxd5+ Ke6 22. Re2+ Kxd5 23. Rxe8 1-0

[Event "Niederbayrische Einzelmeisterschaft"]
[Site "Röhrnbach"]
[Date "2014.04.25"]
[Round "3.1"]
[White "Berisha, Regjep"]
[Black "Stadler, Alexander"]
[Result "0-1"]
[WhiteElo "1949"]
[BlackElo "2057"]
[PlyCount "136"]
[EventDate "2014.04.??"]
[EventType "swiss"]
[EventRounds "7"]
[EventCountry "GER"]
[SourceDate "2015.12.24"]
[SourceVersion "1"]
[SourceVersionDate "2015.12.24"]
[SourceQuality "1"]
[WhiteTeam "SV Röhrnbach"]
[BlackTeam "SV Deggendorf"]

1. e4 d6 2. Bc4 Nf6 3. Nc3 Nxe4 4. Qh5 e6 5. Nxe4 d5 6. Bd3 dxe4 7. Bxe4 Nd7 8.
Bd3 Nf6 9. Qe2 Be7 10. Nf3 O-O 11. b3 b6 12. Bb2 Bb7 13. c4 c5 14. Bc2 Qc7 15.
O-O-O Rfd8 16. Rhg1 Nd7 17. Ne5 Nxe5 18. Bxe5 Bd6 19. Bc3 Rd7 20. g3 Qc6 21. f4
Qf3 22. Qxf3 Bxf3 23. Rdf1 Bb7 24. Rd1 Rad8 25. Rgf1 g6 26. d4 cxd4 27. Bxd4
Ba3+ 28. Bb2 Rxd1+ 29. Rxd1 Rxd1+ 30. Bxd1 Bc5 31. Be5 Bg1 32. h3 Bg2 33. Kd2
Kf8 34. b4 Ke7 35. b5 f6 36. Bb8 Kd7 37. a4 Bc5 38. Bxa7 Kc7 39. a5 Bb4+ 40.
Kd3 Bxa5 41. c5 Bxh3 42. Be2 Kb7 43. Bxb6 Bxb6 44. cxb6 Kxb6 45. Kd4 Bg2 46.
Bc4 Bh3 47. Be2 h6 48. g4 g5 49. fxg5 hxg5 50. Ke4 Bg2+ 51. Kd4 Bd5 52. Ke3 Kc5
53. Bf1 Bb7 54. Bd3 Bc8 55. Be2 Bd7 56. b6 Kxb6 57. Kd4 Kc6 58. Bf3+ Kd6 59.
Be2 Bc6 60. Bd1 f5 61. gxf5 exf5 62. Ke3 Ke5 63. Kf2 Kf4 64. Bc2 g4 65. Bd3 g3+
66. Kg1 Be4 67. Bf1 Ke3 68. Be2 f4 0-1

[Event "Niederbayrische Einzelmeisterschaft"]
[Site "Röhrnbach"]
[Date "2014.04.25"]
[Round "3.2"]
[White "Fuchs, Michael"]
[Black "Haselbeck, Franz"]
[Result "1-0"]
[WhiteElo "2031"]
[BlackElo "1827"]
[PlyCount "57"]
[EventDate "2014.04.??"]
[EventType "swiss"]
[EventRounds "7"]
[EventCountry "GER"]
[SourceDate "2015.12.24"]
[SourceVersion "1"]
[SourceVersionDate "2015.12.24"]
[SourceQuality "1"]
[WhiteTeam "DJK SF Haselbach"]
[BlackTeam "SV Deggendorf"]

1. e4 d5 2. exd5 Qxd5 3. Nc3 Qd6 4. d4 Nf6 5. Nf3 Bg4 6. Be2 c6 7. O-O Nbd7 8.
g3 Nb6 9. Bf4 Qb4 10. Rb1 Nbd5 11. Nxd5 cxd5 12. Qd3 e6 13. Qb5+ Qxb5 14. Bxb5+
Ke7 15. Ne5 Bf5 16. Bd2 a5 17. f3 Ne8 18. g4 Bg6 19. Nxg6+ hxg6 20. a4 Nd6 21.
Bd3 Kd7 22. b3 b6 23. c4 Rc8 24. Rfc1 dxc4 25. bxc4 Rc6 26. c5 Nb7 27. Be4 Rc7
28. Bxb7 bxc5 29. Bxa5 1-0

[Event "Niederbayrische Einzelmeisterschaft"]
[Site "Röhrnbach"]
[Date "2014.04.25"]
[Round "3.3"]
[White "Lichtmannecker, Hans-Juergen"]
[Black "Palmi, Herbert"]
[Result "0-1"]
[WhiteElo "1667"]
[BlackElo "1946"]
[PlyCount "130"]
[EventDate "2014.04.??"]
[EventType "swiss"]
[EventRounds "7"]
[EventCountry "GER"]
[SourceDate "2015.12.24"]
[SourceVersion "1"]
[SourceVersionDate "2015.12.24"]
[SourceQuality "1"]
[WhiteTeam "SV Aham"]
[BlackTeam "SC Bayerwald Regen/Zwiesel"]

1. e4 d6 2. d4 Nf6 3. Nd2 e5 4. c3 c6 5. Ngf3 Nbd7 6. Qb3 h6 7. Bc4 Qe7 8. O-O
b5 9. Bd3 a6 10. a4 Rb8 11. axb5 cxb5 12. Qc2 g6 13. Nb3 Nb6 14. dxe5 dxe5 15.
Be3 Qc7 16. Qd2 Ng4 17. Bxb6 Rxb6 18. h3 Nf6 19. Qe3 Nd7 20. Nh4 Be7 21. Qg3
Bg5 22. f4 Bxf4 23. Qf2 O-O 24. Nf3 h5 25. g3 Bh6 26. Qe2 Nf6 27. Kg2 Qe7 28.
Bc2 Rd8 29. Rad1 Rbd6 30. Rxd6 Rxd6 31. Rd1 Rxd1 32. Qxd1 Qd7 33. Qxd7 Nxd7 34.
Na5 Kf8 35. Nc6 Bc1 36. b3 Bb2 37. c4 bxc4 38. bxc4 Bc3 39. Ba4 Nc5 40. Bc2 f6
41. Nh4 Kf7 42. Nxg6 Be6 43. Nge7 Bxc4 44. Nf5 Ke6 45. Ne3 Bb5 46. Na7 Bd7 47.
Nd5 Ba5 48. Kf3 f5 49. h4 Bd8 50. Bb1 fxe4+ 51. Bxe4 Nxe4 52. Kxe4 Kd6 53. Ne3
Be6 54. Nf5+ Bxf5+ 55. Kxf5 Kd5 56. g4 hxg4 57. Kxg4 e4 58. h5 Bb6 59. Nc8 Be3
60. Ne7+ Ke6 61. Nf5 Bd2 62. Ng3 Ke5 63. Ne2 a5 64. Ng3 a4 65. Nf1 Bh6 0-1

[Event "Niederbayrische Einzelmeisterschaft"]
[Site "Röhrnbach"]
[Date "2014.04.25"]
[Round "3.4"]
[White "Wolf, Gregor"]
[Black "Fuchs, Mirjana"]
[Result "1/2-1/2"]
[WhiteElo "1767"]
[BlackElo "1709"]
[PlyCount "31"]
[EventDate "2014.04.??"]
[EventType "swiss"]
[EventRounds "7"]
[EventCountry "GER"]
[SourceDate "2015.12.24"]
[SourceVersion "1"]
[SourceVersionDate "2015.12.24"]
[SourceQuality "1"]
[WhiteTeam "SC Grafenau"]
[BlackTeam "DJK SF Haselbach"]

1. e4 e5 2. Nf3 Nc6 3. Bb5 a6 4. Ba4 b5 5. Bb3 Nf6 6. O-O Be7 7. Re1 O-O 8. a4
Bb7 9. d3 d6 10. Nc3 b4 11. Ne2 Na5 12. Ba2 c5 13. Ng3 Bc6 14. Nf5 c4 15. Bb1
Qd7 16. Nxe7+ 1/2-1/2

[Event "Niederbayrische Einzelmeisterschaft"]
[Site "Röhrnbach"]
[Date "2014.04.25"]
[Round "3.5"]
[White "Mueller, Michael"]
[Black "Angerer, Dieter"]
[Result "1-0"]
[WhiteElo "2088"]
[BlackElo "1531"]
[PlyCount "95"]
[EventDate "2014.04.??"]
[EventType "swiss"]
[EventRounds "7"]
[EventCountry "GER"]
[SourceDate "2015.12.24"]
[SourceVersion "1"]
[SourceVersionDate "2015.12.24"]
[SourceQuality "1"]
[WhiteTeam "SC Bayerwald Regen/Zwiesel"]
[BlackTeam "SC Sonnen"]

1. e4 e5 2. Nf3 d6 3. d4 exd4 4. Nxd4 Be7 5. Nc3 Nf6 6. Be2 O-O 7. O-O Nbd7 8.
f4 Nc5 9. Bf3 Re8 10. Re1 Ne6 11. Be3 c6 12. Qd2 Nd7 13. Nf5 Nb6 14. b3 Nc7 15.
Nxe7+ Qxe7 16. a4 Rd8 17. Rad1 Ne8 18. Qf2 Qc7 19. a5 Nd7 20. b4 Ndf6 21. Bxa7
Qe7 22. Bb6 Nc7 23. Qh4 Rd7 24. Bxc7 Rxc7 25. e5 dxe5 26. fxe5 Ne8 27. Qxe7
Rxe7 28. Rd8 Kf8 29. Red1 Rxe5 30. Na4 Ke7 31. Nb6 Re1+ 32. Rxe1+ Kxd8 33. Nxa8
Be6 34. Nb6 Kc7 35. c4 Nd6 36. c5 Nf5 37. Rd1 Ne3 38. Rd3 Nc2 39. Na8+ Kc8 40.
a6 bxa6 41. Nb6+ Kc7 42. Be2 Nxb4 43. Ra3 Kb7 44. Ra4 Nc2 45. Bxa6+ Kc7 46. Kf2
Bb3 47. Re4 Be6 48. Bc4 1-0

[Event "Niederbayrische Einzelmeisterschaft"]
[Site "Röhrnbach"]
[Date "2014.04.25"]
[Round "3.6"]
[White "Haas, Karl-Heinz"]
[Black "Stark, Bernhard"]
[Result "1/2-1/2"]
[WhiteElo "1564"]
[BlackElo "1893"]
[PlyCount "70"]
[EventDate "2014.04.??"]
[EventType "swiss"]
[EventRounds "7"]
[EventCountry "GER"]
[SourceDate "2015.12.24"]
[SourceVersion "1"]
[SourceVersionDate "2015.12.24"]
[SourceQuality "1"]
[WhiteTeam "DJK SF Haselbach"]
[BlackTeam "SK Passau"]

1. f4 d5 2. Nf3 Nf6 3. e3 g6 4. b3 Bg7 5. Bb2 Bg4 6. Nc3 O-O 7. Be2 c6 8. O-O
Nfd7 9. Na4 Bxf3 10. Rxf3 e5 11. fxe5 b5 12. e6 fxe6 13. Bxg7 Kxg7 14. Rxf8
Qxf8 15. Nb2 e5 16. Nd3 Qe7 17. Bg4 Nf6 18. Nf2 h5 19. Be2 Nbd7 20. g4 h4 21.
h3 g5 22. Bf1 e4 23. c4 bxc4 24. bxc4 Qe5 25. cxd5 cxd5 26. Rc1 Qg3+ 27. Bg2
Ne5 28. Qc2 Rd8 29. d4 exd3 30. Nxd3 Qxe3+ 31. Nf2 d4 32. Qc5 Rd7 33. Rd1 Qg3
34. Kf1 Qf4 35. Kg1 Qg3 1/2-1/2

[Event "Niederbayrische Einzelmeisterschaft"]
[Site "Röhrnbach"]
[Date "2014.04.25"]
[Round "3.7"]
[White "Woitylak, Steffen"]
[Black "Huber, Florian"]
[Result "1-0"]
[WhiteElo "1888"]
[BlackElo "1517"]
[PlyCount "93"]
[EventDate "2014.04.??"]
[EventType "swiss"]
[EventRounds "7"]
[EventCountry "GER"]
[SourceDate "2015.12.24"]
[SourceVersion "1"]
[SourceVersionDate "2015.12.24"]
[SourceQuality "1"]
[WhiteTeam "TV 1862 Geiselhöring"]
[BlackTeam "SK Landau-Dingolfing"]

1. e4 c5 2. f4 d5 3. exd5 Qxd5 4. Nc3 Qd8 5. Nf3 Nf6 6. Bc4 e6 7. O-O Bd6 8. d3
a6 9. a4 O-O 10. Qe2 Nc6 11. Ne4 Nd4 12. Nxd4 cxd4 13. Bd2 Nxe4 14. dxe4 b6 15.
e5 Be7 16. Rad1 Qc7 17. Kh1 Bb7 18. f5 exf5 19. Rxf5 b5 20. axb5 axb5 21. Bb3
Bc8 22. Rxf7 Rxf7 23. Qf3 Bb7 24. Qxf7+ Kh8 25. Rf1 Qc6 26. Qf3 Qd7 27. Qg3 b4
28. h3 Bd5 29. Bxd5 Qxd5 30. Qf3 Qd8 31. Qd3 Qc7 32. Qxd4 Rd8 33. Qf4 Qxc2 34.
Bxb4 Bxb4 35. Qxb4 h6 36. Rf8+ Rxf8 37. Qxf8+ Kh7 38. b4 Qd1+ 39. Kh2 Qe2 40.
Qf4 Qa6 41. Qe4+ Kg8 42. Qd5+ Kf8 43. b5 Qb6 44. Qd6+ Qxd6 45. exd6 Ke8 46. Kg3
Kd7 47. Kf4 1-0

[Event "Niederbayrische Einzelmeisterschaft"]
[Site "Röhrnbach"]
[Date "2014.04.25"]
[Round "3.8"]
[White "Scholler, Franz"]
[Black "Zinner, Bernhard"]
[Result "0-1"]
[WhiteElo "1477"]
[BlackElo "1667"]
[PlyCount "52"]
[EventDate "2014.04.??"]
[EventType "swiss"]
[EventRounds "7"]
[EventCountry "GER"]
[SourceDate "2015.12.24"]
[SourceVersion "1"]
[SourceVersionDate "2015.12.24"]
[SourceQuality "1"]
[WhiteTeam "DJK SF Haselbach"]
[BlackTeam "TV 1862 Geiselhöring"]

1. c4 e5 2. Nc3 Nf6 3. g3 c6 4. Bg2 d5 5. Nf3 d4 6. Nb1 e4 7. Ng5 e3 8. fxe3
dxe3 9. O-O exd2 10. Qxd2 Bc5+ 11. e3 Qe7 12. Nf3 O-O 13. Nd4 Rd8 14. Kh1 Ng4
15. Re1 Bb4 16. Nc3 c5 17. a3 Bxc3 18. Qxc3 cxd4 19. exd4 Qf6 20. d5 Qxc3 21.
bxc3 Nf2+ 22. Kg1 Nd3 23. Re7 Nd7 24. Be3 Kf8 25. Re4 N7c5 26. Rg4 Bxg4 0-1

[Event "Niederbayrische Einzelmeisterschaft"]
[Site "Röhrnbach"]
[Date "2014.04.25"]
[Round "3.9"]
[White "Wilhelm, Walter"]
[Black "Neuwerth, Chulian"]
[Result "0-1"]
[WhiteElo "1597"]
[BlackElo "1441"]
[PlyCount "84"]
[EventDate "2014.04.??"]
[EventType "swiss"]
[EventRounds "7"]
[EventCountry "GER"]
[SourceDate "2015.12.24"]
[SourceVersion "1"]
[SourceVersionDate "2015.12.24"]
[SourceQuality "1"]
[WhiteTeam "TSV Kreuzberg"]
[BlackTeam "SC Castra Batava Passau"]

1. c4 c6 2. Nc3 d5 3. cxd5 cxd5 4. Nf3 Nc6 5. d4 Nf6 6. a3 g6 7. Bf4 Qb6 8. b4
Bg4 9. e3 Bg7 10. h3 Bxf3 11. Qxf3 e6 12. Na4 Qd8 13. Nc5 Qb6 14. g4 Nxb4 15.
Qd1 Nc6 16. Qd2 Bf8 17. Bg5 Nd7 18. Nxd7 Kxd7 19. Bd3 Qa5 20. Qxa5 Nxa5 21. O-O
a6 22. e4 Rc8 23. Ra2 Rc3 24. Bc2 Rxa3 25. Rxa3 Bxa3 26. Ra1 Nc4 27. Ba4+ Kc8
28. exd5 exd5 29. Bb3 Bd6 30. Re1 Kd7 31. Ra1 Ra8 32. Ba4+ Kc7 33. Re1 b5 34.
Bd1 Kd7 35. Bf3 Nb6 36. h4 a5 37. Be2 Kc6 38. Bd3 a4 39. Rb1 Nc4 40. f4 a3 41.
h5 a2 42. Ra1 Bb4 0-1

[Event "Niederbayrische Einzelmeisterschaft"]
[Site "Röhrnbach"]
[Date "2014.04.25"]
[Round "3.10"]
[White "Lenhard, Alexander"]
[Black "Albrecht, Manuel"]
[Result "0-1"]
[WhiteElo "1430"]
[BlackElo "1662"]
[PlyCount "78"]
[EventDate "2014.04.??"]
[EventType "swiss"]
[EventRounds "7"]
[EventCountry "GER"]
[SourceDate "2015.12.24"]
[SourceVersion "1"]
[SourceVersionDate "2015.12.24"]
[SourceQuality "1"]
[WhiteTeam "SV Deggendorf"]
[BlackTeam "SK Landau-Dingolfing"]

1. b3 d5 2. Bb2 Nc6 3. Nf3 Bg4 4. e3 Nf6 5. Be2 e6 6. O-O Bd6 7. c4 dxc4 8.
Bxc4 O-O 9. h3 Bh5 10. Be2 h6 11. Nc3 a6 12. d4 Rb8 13. e4 Bxf3 14. Bxf3 Nxd4
15. Re1 e5 16. Na4 c5 17. Rc1 Qe7 18. b4 Nxf3+ 19. Qxf3 cxb4 20. Nb6 Bc7 21.
Nd5 Nxd5 22. exd5 Rbd8 23. Rc4 f5 24. Qb3 Bd6 25. Bc1 Rc8 26. Rxc8 Rxc8 27. Qf3
Qf7 28. Qg3 Rc3 29. Qh4 Be7 30. Qxe7 Qxe7 31. Bb2 b5 32. Kh1 Qd6 33. Rd1 Rc2
34. Ba1 Rxa2 35. Re1 Qxd5 36. Bxe5 Rxf2 37. Rg1 Qxe5 38. h4 Qg3 39. Rf1 Qxg2#
0-1

[Event "Niederbayrische Einzelmeisterschaft"]
[Site "Röhrnbach"]
[Date "2014.04.25"]
[Round "3.11"]
[White "Hartl, Konstantin"]
[Black "Seidl, Josef"]
[Result "0-1"]
[WhiteElo "944"]
[BlackElo "1289"]
[PlyCount "148"]
[EventDate "2014.04.??"]
[EventType "swiss"]
[EventRounds "7"]
[EventCountry "GER"]
[SourceDate "2015.12.24"]
[SourceVersion "1"]
[SourceVersionDate "2015.12.24"]
[SourceQuality "1"]
[WhiteTeam "SC Grafenau"]
[BlackTeam "TSV Kreuzberg"]

1. e4 d6 2. Nf3 b6 3. Bc4 Bb7 4. Nc3 e6 5. d4 Be7 6. O-O Nf6 7. Re1 O-O 8. d5
e5 9. b3 a6 10. a4 Nbd7 11. b4 Nh5 12. Nxe5 Nxe5 13. Qxh5 Nxc4 14. Qg4 Bc8 15.
Qg3 Bh4 16. Qd3 Ne5 17. Qe2 Bg4 18. Qe3 Bf6 19. h3 Bd7 20. Ra3 Nc4 21. Qf3 Nxa3
22. Bxa3 Bxc3 23. Qxc3 Bxa4 24. Bb2 Qf6 25. Qa3 Qf4 26. Qxa4 b5 27. Qa3 Rfe8
28. Qc3 f6 29. f3 Rac8 30. Bc1 Qe5 31. Qe3 c5 32. f4 Qd4 33. bxc5 Qxe3+ 34.
Bxe3 dxc5 35. Bd2 b4 36. d6 Rc6 37. e5 fxe5 38. fxe5 Kf7 39. Bg5 Ke6 40. Be7
Rxe7 41. dxe7 Kxe7 42. g4 a5 43. Ra1 Ra6 44. h4 a4 45. Kf2 a3 46. Ke3 Ra5 47.
Kd3 Ke6 48. Ke4 g6 49. g5 Ra4 50. Kd3 Kxe5 51. Re1+ Kd5 52. c4+ bxc3 53. Kxc3
Rxh4 54. Kb3 Rh3+ 55. Ka2 c4 56. Rd1+ Rd3 57. Rb1 Kc5 58. Rb7 Rg3 59. Ra7 Kd4
60. Rd7+ Ke5 61. Rc7 Rxg5 62. Rc5+ Kf6 63. Rxc4 Rg3 64. Rf4+ Kg5 65. Ra4 h5 66.
Rb4 h4 67. Rb5+ Kh6 68. Rb8 h3 69. Rh8+ Kg5 70. Rh7 Kg4 71. Rh6 g5 72. Rh7 Rf3
73. Rg7 h2 74. Rh7 Rh3 0-1

[Event "Niederbayrische Einzelmeisterschaft"]
[Site "Röhrnbach"]
[Date "2014.04.25"]
[Round "3.12"]
[White "Pauli, Anton"]
[Black "Pichlmeier, Matthias"]
[Result "0-1"]
[WhiteElo "1208"]
[BlackElo "945"]
[PlyCount "144"]
[EventDate "2014.04.??"]
[EventType "swiss"]
[EventRounds "7"]
[EventCountry "GER"]
[SourceDate "2015.12.24"]
[SourceVersion "1"]
[SourceVersionDate "2015.12.24"]
[SourceQuality "1"]
[WhiteTeam "SV Röhrnbach"]
[BlackTeam "SC Grafenau"]

1. e4 e5 2. Nf3 Nc6 3. Bb5 Nf6 4. Nc3 Bc5 5. O-O O-O 6. Bxc6 dxc6 7. Nxe5 Re8
8. Nd3 Bb6 9. Qf3 Re7 10. e5 Ng4 11. Re1 Qe8 12. e6 Rxe6 13. Rxe6 Qxe6 14. Qe4
Qxe4 15. Nxe4 Bf5 16. Ndc5 Bxe4 17. Nxe4 Re8 18. d3 Nxf2 19. Kf1 Nxe4 20. dxe4
Rxe4 21. Bd2 h6 22. c3 Be3 23. Bxe3 Rxe3 24. Kf2 Rd3 25. Ke2 Rd5 26. Rc1 Re5+
27. Kf2 Kf8 28. Rc2 Ke7 29. Rd2 g5 30. Kf3 f5 31. g3 Ke6 32. Rd4 c5 33. Rd2 g4+
34. Kf2 Re4 35. Rd3 f4 36. gxf4 Rxf4+ 37. Kg3 Re4 38. Rd2 b6 39. h3 h5 40. hxg4
hxg4 41. Rh2 a5 42. Rc2 Kf5 43. Rf2+ Kg5 44. Rd2 Re3+ 45. Kg2 Kh4 46. c4 g3 47.
b3 Kg4 48. Rb2 c6 49. a3 b5 50. cxb5 cxb5 51. b4 axb4 52. axb4 c4 53. Rd2 Re4
54. Rd5 Re2+ 55. Kf1 g2+ 56. Kg1 c3 57. Rxb5 c2 58. Rc5 Re1+ 59. Kxg2 c1=Q 60.
Rxc1 Rxc1 61. Kf2 Rb1 62. Ke3 Rxb4 63. Kd3 Kf4 64. Kc3 Re4 65. Kd3 Kf3 66. Kc3
Ke3 67. Kb3 Rd4 68. Kc2 Rd3 69. Kc1 Ke2 70. Kb2 Kd2 71. Ka2 Kc2 72. Ka1 Ra3#
0-1

[Event "Niederbayrische Einzelmeisterschaft"]
[Site "Röhrnbach"]
[Date "2014.04.25"]
[Round "4.1"]
[White "Stadler, Alexander"]
[Black "Fuchs, Michael"]
[Result "1-0"]
[WhiteElo "2057"]
[BlackElo "2031"]
[PlyCount "59"]
[EventDate "2014.04.??"]
[EventType "swiss"]
[EventRounds "7"]
[EventCountry "GER"]
[SourceDate "2015.12.24"]
[SourceVersion "1"]
[SourceVersionDate "2015.12.24"]
[SourceQuality "1"]
[WhiteTeam "SV Deggendorf"]
[BlackTeam "DJK SF Haselbach"]

1. Nf3 Nf6 2. c4 g6 3. Nc3 Bg7 4. e4 d6 5. d4 O-O 6. h3 e5 7. d5 a5 8. Bg5 h6
9. Be3 Nbd7 10. Nd2 c5 11. Be2 Ne8 12. g4 Kh7 13. h4 Nc7 14. Bd3 b5 15. cxb5
Nb6 16. a4 Kg8 17. Qf3 f6 18. h5 g5 19. Qd1 Bd7 20. Ncb1 Kh8 21. Na3 f5 22.
gxf5 Ncxd5 23. exd5 Nxd5 24. Be4 Nxe3 25. fxe3 d5 26. Bxd5 Bxf5 27. e4 g4 28.
Qe2 Rc8 29. Nac4 Bh7 30. O-O-O 1-0

[Event "Niederbayrische Einzelmeisterschaft"]
[Site "Röhrnbach"]
[Date "2014.04.25"]
[Round "4.2"]
[White "Palmi, Herbert"]
[Black "Mueller, Michael"]
[Result "1/2-1/2"]
[WhiteElo "1946"]
[BlackElo "2088"]
[PlyCount "110"]
[EventDate "2014.04.??"]
[EventType "swiss"]
[EventRounds "7"]
[EventCountry "GER"]
[SourceDate "2015.12.24"]
[SourceVersion "1"]
[SourceVersionDate "2015.12.24"]
[SourceQuality "1"]
[WhiteTeam "SC Bayerwald Regen/Zwiesel"]
[BlackTeam "SC Bayerwald Regen/Zwiesel"]

1. c4 g6 2. Nc3 Bg7 3. g3 c5 4. Bg2 Nc6 5. Nf3 e5 6. e4 Nge7 7. d3 d6 8. h3 h6
9. Bd2 Bd7 10. a3 Rb8 11. Rb1 a6 12. b4 cxb4 13. axb4 b5 14. cxb5 axb5 15. O-O
O-O 16. Kh2 Be6 17. Be3 Nd4 18. Ne2 Nxf3+ 19. Bxf3 Qd7 20. Bg2 d5 21. Bc5 Rfd8
22. Ra1 Nc6 23. Qb1 f5 24. exd5 Bxd5 25. Bxd5+ Qxd5 26. Rd1 Bf8 27. Bxf8 Kxf8
28. Qb2 Nd4 29. Nxd4 Qxd4 30. Qd2 Kg7 31. Qe3 Rb7 32. Ra3 Rd6 33. Rc1 Kf6 34.
Qxd4 Rxd4 35. Rc6+ Kf7 36. Raa6 Rxb4 37. Rf6+ Ke8 38. Rxg6 Rd4 39. Rxh6 Kf8 40.
Ra8+ Kg7 41. Rah8 Rbd7 42. R8h7+ Kg8 43. Rxd7 Rxd7 44. Rb6 Rd5 45. Kg2 Kf7 46.
Kf1 f4 47. Ke2 Ke7 48. g4 Kd7 49. f3 Kc7 50. Rf6 b4 51. Kd2 Rc5 52. Rf7+ Kc6
53. Rf8 Kc7 54. Rf7+ Kc6 55. Rf6+ Kc7 1/2-1/2

[Event "Niederbayrische Einzelmeisterschaft"]
[Site "Röhrnbach"]
[Date "2014.04.25"]
[Round "4.3"]
[White "Neuwerth, Chulian"]
[Black "Berisha, Regjep"]
[Result "1/2-1/2"]
[WhiteElo "1441"]
[BlackElo "1949"]
[PlyCount "29"]
[EventDate "2014.04.??"]
[EventType "swiss"]
[EventRounds "7"]
[EventCountry "GER"]
[SourceDate "2015.12.24"]
[SourceVersion "1"]
[SourceVersionDate "2015.12.24"]
[SourceQuality "1"]
[WhiteTeam "SC Castra Batava Passau"]
[BlackTeam "SV Röhrnbach"]

1. e4 c5 2. d4 cxd4 3. c3 dxc3 4. Nxc3 b6 5. Nf3 Bb7 6. Bc4 a6 7. O-O e6 8. Qe2
Qc7 9. Bb3 Nc6 10. Rd1 Nge7 11. Be3 b5 12. Rac1 Qb8 13. Qd2 Qd8 14. Bb6 Qc8 15.
e5 1/2-1/2

[Event "Niederbayrische Einzelmeisterschaft"]
[Site "Röhrnbach"]
[Date "2014.04.25"]
[Round "4.4"]
[White "Zinner, Bernhard"]
[Black "Woitylak, Steffen"]
[Result "0-1"]
[WhiteElo "1667"]
[BlackElo "1888"]
[PlyCount "74"]
[EventDate "2014.04.??"]
[EventType "swiss"]
[EventRounds "7"]
[EventCountry "GER"]
[SourceDate "2015.12.24"]
[SourceVersion "1"]
[SourceVersionDate "2015.12.24"]
[SourceQuality "1"]
[WhiteTeam "TV 1862 Geiselhöring"]
[BlackTeam "TV 1862 Geiselhöring"]

1. d4 f5 2. c4 Nf6 3. Nf3 e6 4. Nc3 c6 5. g3 d5 6. cxd5 exd5 7. Bg2 Bd6 8. O-O
O-O 9. Qc2 Qe7 10. Bg5 h6 11. Bxf6 Qxf6 12. e3 Na6 13. Rac1 Nc7 14. a4 a5 15.
Kh1 Ne6 16. Qb3 Kh8 17. Qb6 Bb4 18. Ne5 Ra6 19. Qxa6 bxa6 20. Nxc6 Nc7 21. Ne5
Bd6 22. Nd3 Be6 23. Ne2 Rb8 24. Rc6 Bd7 25. Rfc1 Bxc6 26. Rxc6 Qe7 27. Nef4
Bxf4 28. Nxf4 Kh7 29. Bh3 Qd7 30. Rc2 Rb4 31. Nd3 Rxa4 32. Ne5 Qc8 33. Nf7 g6
34. Rc6 Rc4 35. Rd6 Ne8 36. Rd8 Qc7 37. Bxf5 gxf5 0-1

[Event "Niederbayrische Einzelmeisterschaft"]
[Site "Röhrnbach"]
[Date "2014.04.25"]
[Round "4.5"]
[White "Haselbeck, Franz"]
[Black "Wolf, Gregor"]
[Result "1-0"]
[WhiteElo "1827"]
[BlackElo "1767"]
[PlyCount "83"]
[EventDate "2014.04.??"]
[EventType "swiss"]
[EventRounds "7"]
[EventCountry "GER"]
[SourceDate "2015.12.24"]
[SourceVersion "1"]
[SourceVersionDate "2015.12.24"]
[SourceQuality "1"]
[WhiteTeam "SV Deggendorf"]
[BlackTeam "SC Grafenau"]

1. Nf3 Nf6 2. g3 b6 3. Bg2 Bb7 4. d3 c5 5. O-O e6 6. e4 d6 7. Nbd2 Nbd7 8. b3
Be7 9. Bb2 O-O 10. a4 a6 11. Qe2 Qc7 12. Nh4 Ne8 13. Nhf3 Bf6 14. Bxf6 Nexf6
15. Nh4 d5 16. f4 dxe4 17. dxe4 Rad8 18. Rad1 Rfe8 19. Nc4 Nf8 20. e5 Bxg2 21.
Nxg2 Nd5 22. Qf3 Ng6 23. Nd6 Re7 24. h4 Red7 25. h5 Nge7 26. c4 Nb4 27. Ne3 Nc8
28. f5 Nxd6 29. fxe6 fxe6 30. exd6 Rxd6 31. Rxd6 Qxd6 32. Qf7+ Kh8 33. h6 Qxg3+
34. Ng2 Rg8 35. Qxe6 gxh6 36. Qe4 Nd3 37. Rf7 Qg6 38. Qd5 Qg5 39. Qf3 Ne1 40.
Qc3+ Qg7 41. Rxg7 Rxg7 42. Qxe1 1-0

[Event "Niederbayrische Einzelmeisterschaft"]
[Site "Röhrnbach"]
[Date "2014.04.25"]
[Round "4.7"]
[White "Albrecht, Manuel"]
[Black "Lichtmannecker, Hans-Juergen"]
[Result "0-1"]
[WhiteElo "1662"]
[BlackElo "1667"]
[PlyCount "60"]
[EventDate "2014.04.??"]
[EventType "swiss"]
[EventRounds "7"]
[EventCountry "GER"]
[SourceDate "2015.12.24"]
[SourceVersion "1"]
[SourceVersionDate "2015.12.24"]
[SourceQuality "1"]
[WhiteTeam "SK Landau-Dingolfing"]
[BlackTeam "SV Aham"]

1. e4 c5 2. Nf3 Qc7 3. d4 cxd4 4. Nxd4 Nf6 5. Nc3 Nxe4 6. Nxe4 Qe5 7. Qe2 Qxd4
8. c3 Qe5 9. g3 d5 10. Ng5 Qxe2+ 11. Bxe2 h6 12. Nf3 Nc6 13. Be3 e6 14. Rd1 Be7
15. O-O Bd7 16. c4 dxc4 17. Bxc4 g5 18. Bb5 a6 19. Ba4 b5 20. Bb3 g4 21. Nd4
Nxd4 22. Rxd4 h5 23. f3 Bc5 24. fxg4 hxg4 25. Rd3 Bxe3+ 26. Rxe3 Bc6 27. Rd1
Rd8 28. Rc1 Bf3 29. Rc7 Kf8 30. Bxe6 Rd1+ 0-1

[Event "Niederbayrische Einzelmeisterschaft"]
[Site "Röhrnbach"]
[Date "2014.04.25"]
[Round "4.8"]
[White "Stark, Bernhard"]
[Black "Wilhelm, Walter"]
[Result "1-0"]
[WhiteElo "1893"]
[BlackElo "1597"]
[PlyCount "51"]
[EventDate "2014.04.??"]
[EventType "swiss"]
[EventRounds "7"]
[EventCountry "GER"]
[SourceDate "2015.12.24"]
[SourceVersion "1"]
[SourceVersionDate "2015.12.24"]
[SourceQuality "1"]
[WhiteTeam "SK Passau"]
[BlackTeam "TSV Kreuzberg"]

1. d4 d5 2. c4 dxc4 3. Nf3 Nf6 4. e3 c6 5. Bxc4 Nbd7 6. Nc3 Nb6 7. Bb3 Bf5 8.
Ne5 e6 9. Qf3 h6 10. Nxf7 Bg4 11. Qxg4 Nxg4 12. Nxd8 Rxd8 13. Bxe6 Nf6 14. O-O
Bd6 15. f3 Ke7 16. Bb3 h5 17. e4 Bc7 18. Be3 h4 19. e5 Nh7 20. f4 Rdf8 21. f5
Nd7 22. Rf4 Kd8 23. Raf1 Kc8 24. Rxh4 Bd8 25. Rg4 Kc7 26. Rxg7 1-0